000 01327cam a2200361 a 4500
001 5928
003 FISKH
005 20250207153040.0
008 030220s2002 nyu b 000 1 eng d
010 _a 2003268600
020 _a0786805331
020 _a0439460832
035 _a(OCoLC)ocm49535939
040 _aIMF
_cIMF
_dTJC
_dDLC
_beng
042 _alccopycat
050 _aPS3568.I467 N86
082 _a813.54
100 1 _aRinaldi, Ann.
_d(1934–2021)
245 1 0 _aNumbering all the bones /
_cAnn Rinaldi.
250 _aThis edition first published in 2003
260 _aNew York :
_bScholastic,
_c2002.
300 _a170 pages :
_c20 cm.
505 _aR
520 _aThirteen-year-old Eulinda, a house slave on a Georgia plantation in 1864, turns to Clara Barton, the eventual founder of the American Red Cross, for help in finding her brother Neddy who ran away to join the Northern war effort and is rumored to be at Andersonville Prison.
521 8 _a670
_bLexile
521 8 _aR
_bRaz-Plus
650 0 _aEnslaved persons
_zUnited States
_vFiction.
650 0 _aTeenage girls
_vFiction.
856 4 2 _3Publisher description
_uhttp://www.loc.gov/catdir/enhancements/fy0913/2003268600-d.html
906 _a7
_bcbc
_ccopycat
_d2
_encip
_f20
_gy-gencatlg
942 _2ddc
_cBK
_n0
999 _c5928
_d5928